| 000 | 00543nam a22002057a 4500 | ||
|---|---|---|---|
| 005 | 20231124172725.0 | ||
| 008 | 180309b2017 xxu||||| |||| 00| 0 spa d | ||
| 041 | _aESP | ||
| 082 | _a344.01 C8374e | ||
| 100 | _aCosta Rica, leyes, decretos, etc | ||
| 245 | _aEstatuto del servicio civil y su reglamento | ||
| 260 | _aCOSTA RICA | ||
| 260 | _bPUBLICACIONES JURÍDICAS | ||
| 260 | _c2017 | ||
| 300 | _a29 páginas | ||
| 650 | _aLEYES | ||
| 650 | _aADMINISTRACIÓN PÚBLICA | ||
| 650 | _aLEY DE LA CARRERA DOCENTE | ||
| 942 |
_cBK _2ddc |
||
| 999 |
_c10425 _d10425 |
||